Brain twister [juego] /
Guardado en:
| Formato: | Objeto Físico |
|---|---|
| Publicado: |
Israel :
Orda,
c1996.
|
| Materias: | |
| Etiquetas: |
Agregar Etiqueta
Sin Etiquetas, Sea el primero en etiquetar este registro!
|
| LEADER | 00857nrm a22001575g 4500 | ||
|---|---|---|---|
| 001 | CEM.cems019476 | ||
| 008 | 130507s1996##################0###0#####d | ||
| 005 | 20220830190303.0 | ||
| 245 | 0 | 0 | |a Brain twister [juego] / |c Tom Laisure |
| 260 | |a Israel : |b Orda, |c c1996. | ||
| 300 | |a 1 juego (1tablero, 1 dado de Brain Twister, 4 círculos de colores, 80 tarjetas impresas de amboas lados con 6 formas geométricas en una secuencia lógica de forma y color, 44 fichas marcadoras de 4 colores, 1 soporte para tarjetas) ; en caja 32 x 32 x 6 cm. + manual de instrucciones. | ||
| 500 | |a Para 2 a 4 jugadores a partir de 8 años y adultos objetivo: resolver secuencias de formas geométricas coloreadas. | ||
| 082 | 0 | 4 | |a J794 |
| 653 | |a 1. juegos de razonamiento lógico | ||
| 653 | |a 2. juegos de estartegia tradicional | ||
| 859 | |a CEMS |b BIB. CEMS - Ludoteca |h J794 |i L145 |p 291.03 |t Ej.1 | ||
